Stopping valium and Ativan, Centrax, Dalmane, Librium, Paxipam, Restoril, Serax, Tranxene, Xanax

保存先:
書誌詳細
第一著者: Bargmann, Eva
フォーマット: 図書
言語:Undetermined
出版事項: New York Warner Books 1982
主題:
タグ: タグ追加
タグなし, このレコードへの初めてのタグを付けませんか!
Thư viện lưu trữ: Trung tâm Học liệu Trường Đại học Cần Thơ
LEADER 00551nam a2200181Ia 4500
001 CTU_81533
008 210402s9999 xx 000 0 und d
082 |a 363.1 
082 |b B251 
100 |a Bargmann, Eva 
245 0 |a Stopping valium and Ativan, Centrax, Dalmane, Librium, Paxipam, Restoril, Serax, Tranxene, Xanax 
245 0 |c Eve Bargmann 
260 |a New York 
260 |b Warner Books 
260 |c 1982 
650 |a Diazepam,Medication,Toxicology 
904 |i Trọng Hải 
980 |a Trung tâm Học liệu Trường Đại học Cần Thơ